Welcome to the Holygrace Academy Library

Please use search bar below to get started

THE MONSTER GANG (Record no. 3193)

MARC details
000 -LEADER
fixed length control field 00325nam a22001337a 4500
020 ## - INTERNATIONAL STANDARD BOOK NUMBER
ISBN 9780746048528
082 ## - DEWEY DECIMAL CLASSIFICATION NUMBER
Classification number 823
Item number EVE/M
100 ## - MAIN ENTRY--AUTHOR NAME
Personal name EVERETT, FELICITY
245 ## - TITLE STATEMENT
Title THE MONSTER GANG
260 ## - PUBLICATION, DISTRIBUTION, ETC. (IMPRINT)
Place of publication UNITED KINGDOM
Name of publisher USBORNE PUBLISHING
Year of publication 2002
300 ## - PHYSICAL DESCRIPTION
Number of Pages 48
650 ## - SUBJECT ADDED ENTRY--TOPICAL TERM
Topical Term CHILDRENS STORY BOOK
Geographic subdivision UNITED KINGDOM
942 ## - ADDED ENTRY ELEMENTS (KOHA)
Koha item type Books
Holdings
Withdrawn status Lost status Collection code Home library Current library Shelving location Date acquired Source of acquisition Cost, normal purchase price Full call number Accession Number Koha item type
    Fiction Main Library Main Library SHELF-14E- ALPHABETICAL -E,F,G --ENGLISH NOVELS & FICTIONS 18/11/2006 purchase 65.00 823 EVE/M 04001 Books